| 000 | 00844nam a22002657a 4500 | ||
|---|---|---|---|
| 001 | 6051 | ||
| 003 | FISKH | ||
| 005 | 20250227105106.0 | ||
| 008 | 250227b cb ||||| |||| 00| 0 eng d | ||
| 020 | _a9780545060967 | ||
| 040 |
_aFISKH _beng _cFISKH _dFISKH |
||
| 050 | _aPZ7 | ||
| 082 | _a612.1 | ||
| 100 | _aMartin, Justin McCory | ||
| 245 |
_aYour heart / _cJustin McCory Martin |
||
| 260 |
_aNew York : _bScholastic, _c2008 |
||
| 300 |
_a16 pages : _bcolor illustrations ; _c23 cm |
||
| 505 | _aA | ||
| 520 | _aYour heart beats more quickly when you run than when you rest. Open this book to learn more interesting facts about the human heart! | ||
| 521 | 8 |
_a70
_bLexile estimate |
|
| 521 | 8 |
_aA
_bRaz-Plus |
|
| 650 |
_aHuman body _vScience Vocabulary Readers _xCreation |
||
| 942 |
_2ddc _cBK _n0 |
||
| 999 |
_c6051 _d6051 |
||